[Event "CZE-chT1W 2324"]
[Site "Czech Republic"]
[Date "2023.11.26"]
[Round "3.5"]
[White "Kratky, Josef"]
[Black "Vavruska, David"]
[Result "1/2-1/2"]
[WhiteElo "2072"]
[BlackElo "2187"]
[PlyCount "64"]
[EventDate "2023.10.29"]
[EventType "team-tourn"]
[EventRounds "11"]
[EventCountry "CZE"]
[SourceTitle "EXT 2025"]
[Source "ChessBase"]
[SourceDate "2024.10.14"]
[SourceVersion "1"]
[SourceVersionDate "2024.10.14"]
[SourceQuality "1"]
[WhiteTeam "Praha Oaza II"]
[BlackTeam "Neratovice"]
[WhiteTeamCountry "CZE"]
[BlackTeamCountry "CZE"]

1. d4 Nf6 2. Bf4 b6 3. Nf3 Bb7 4. e3 e6 5. Bd3 Be7 6. h3 c5 7. c3 d6 8. Qe2 Be4 9. Nbd2 Bxd3 10. Qxd3 Nc6 11. e4 cxd4 12. cxd4 0-0 13. Rc1 Rc8 14. 0-0 d5 15. e5 Nd7 16. Rfe1 Nb4 17. Qb3 Nb8 18. a3 N4c6 19. Qd3 Qd7 20. b4 a6 21. Ng5 Bxg5 22. Bxg5 h6 23. Bf4 Ne7 24. Nf3 Rxc1 25. Rxc1 Rc8 26. Rxc8+ Qxc8 27. Nd2 Qc1+ 28. Kh2 Nec6 29. Qg3 Kf8 30. Qd3 Kg8 31. Qg3 Kf8 32. Qd3 Kg8 1/2-1/2

[Event "CZE-chT2D 2122"]
[Site "Czech Republic"]
[Date "2022.03.20"]
[Round "10.1"]
[White "Kratky, Josef"]
[Black "Sabuk, Piotr"]
[Result "0-1"]
[WhiteElo "2014"]
[BlackElo "2396"]
[PlyCount "106"]
[EventDate "2021.10.17"]
[EventType "team-tourn"]
[EventRounds "11"]
[EventCountry "CZE"]
[SourceTitle "EXT 2025"]
[Source "ChessBase"]
[SourceDate "2024.10.14"]
[SourceVersion "1"]
[SourceVersionDate "2024.10.14"]
[SourceQuality "1"]
[WhiteTeam "Lanskroun"]
[BlackTeam "Rychnov nad Kneznou Panda"]
[WhiteTeamCountry "CZE"]
[BlackTeamCountry "CZE"]

1. e4 c6 2. d4 d5 3. exd5 cxd5 4. c4 Nf6 5. Nc3 Nc6 6. Nf3 e6 7. Bd3 dxc4 8. Bxc4 Bb4 9. 0-0 0-0 10. Bg5 b6 11. a3 Bxc3 12. bxc3 Bb7 13. Qe2 Rc8 14. Rac1 h6 15. Bh4 Ne7 16. Bxf6 gxf6 17. Ba6 Bxa6 18. Qxa6 Rc7 19. c4 Qa8 20. Rfe1 Rd8 21. h3 Kg7 22. a4 Qc8 23. Qb5 Nf5 24. Re4 h5 25. Rf4 Qd7 26. Qb3 Qd6 27. Re4 Rg8 28. Rce1 Qd7 29. Rf4 Rgc8 30. Nh4 Nxh4 31. Rxh4 Rxc4 32. Qg3+ Kf8 33. Qf3 Ke7 34. Rxh5 Qxd4 35. Rd5 Qf4 36. Qa3+ R8c5 37. Rxc5 Rxc5 38. a5 Qd6 39. axb6 axb6 40. Rb1 Rd5 41. Qa7+ Kf8 42. Qa8+ Kg7 43. Qa4 b5 44. Qg4+ Rg5 45. Qe4 Qc5 46. h4 Rf5 47. Qg4+ Kh7 48. Qe2 Kh6 49. g4 Rd5 50. Qb2 Rd4 51. Qe2 b4 52. Qf3 Qe5 53. Kg2 Rf4 0-1

[Event "CZE-chT2D 2122"]
[Site "Czech Republic"]
[Date "2022.01.16"]
[Round "6.2"]
[White "Holasek, Pavel"]
[Black "Kratky, Josef"]
[Result "1/2-1/2"]
[WhiteElo "2007"]
[BlackElo "2014"]
[PlyCount "85"]
[EventDate "2021.10.17"]
[EventType "team-tourn"]
[EventRounds "11"]
[EventCountry "CZE"]
[SourceTitle "EXT 2025"]
[Source "ChessBase"]
[SourceDate "2024.10.14"]
[SourceVersion "1"]
[SourceVersionDate "2024.10.14"]
[SourceQuality "1"]
[WhiteTeam "Usti nad Orlici"]
[BlackTeam "Lanskroun"]
[WhiteTeamCountry "CZE"]
[BlackTeamCountry "CZE"]

1. c4 c6 2. d4 d5 3. Nf3 Nf6 4. Nc3 e6 5. e3 Nbd7 6. Qc2 Bd6 7. Be2 dxc4 8. a4 Qe7 9. 0-0 0-0 10. Bxc4 e5 11. Re1 e4 12. Nd2 Nb6 13. Ba2 Bf5 14. f3 Nbd5 15. Bb1 Qc7 16. Nf1 Rfe8 17. Qf2 Bg6 18. f4 Ng4 19. Qc2 f5 20. Nxd5 cxd5 21. Qxc7 Bxc7 22. Bd2 Bd6 23. Ba2 Nf6 24. Rec1 Rec8 25. h3 Kf7 26. Be1 Ke6 27. Bh4 Bb4 28. Bxf6 gxf6 29. Kf2 a5 30. g4 fxg4 31. hxg4 f5 32. gxf5+ Bxf5 33. Ng3 Bd2 34. Rxc8 Rxc8 35. Bb3 Bg6 36. Rh1 Rc1 37. Rxc1 Bxc1 38. f5+ Bxf5 39. Nxf5 Kxf5 40. Bxd5 b6 41. b3 h5 42. Bg8 Kg6 43. Bd5 1/2-1/2

[Event "LSS No Engine Cup 211 Preliminary 0"]
[Site "LSS email"]
[Date "2020.12.15"]
[Round "?"]
[White "Kratky, Josef"]
[Black "Wilshusen, Horst"]
[Result "1/2-1/2"]
[WhiteElo "1637"]
[BlackElo "1527"]
[PlyCount "43"]
[EventDate "2020.12.15"]
[EventType "tourn (corr)"]
[EventRounds "6"]
[EventCountry "GER"]
[SourceTitle "Corr 2022"]
[Source "ChessBase"]
[SourceDate "2021.10.24"]
[SourceVersion "1"]
[SourceVersionDate "2021.10.24"]
[SourceQuality "1"]

1. d4 Nf6 2. c4 e6 3. Nc3 Bb4 4. e3 0-0 5. Bd3 c5 6. a3 Bxc3+ 7. bxc3 d5 8. Nf3 dxc4 9. Bxc4 Nc6 10. 0-0 Qc7 11. Bd3 e5 12. Qc2 Re8 13. e4 c4 14. Bxc4 exd4 15. cxd4 Na5 16. Bd3 Qxc2 17. Bxc2 Nxe4 18. Re1 Bf5 19. Bf4 Nd6 20. Bxf5 Nxf5 21. d5 Nc4 22. g4 1/2-1/2

[Event "LSS No Engine Cup 210 Preliminary 0"]
[Site "LSS email"]
[Date "2020.11.23"]
[Round "?"]
[White "Nowak, Andrzej"]
[Black "Kratky, Josef"]
[Result "1-0"]
[WhiteElo "2073"]
[BlackElo "1632"]
[PlyCount "85"]
[EventDate "2020.11.23"]
[EventType "tourn (corr)"]
[EventRounds "6"]
[EventCountry "GER"]
[SourceTitle "Corr 2022"]
[Source "ChessBase"]
[SourceDate "2021.10.24"]
[SourceVersion "1"]
[SourceVersionDate "2021.10.24"]
[SourceQuality "1"]

1. e4 e5 2. Nf3 Nc6 3. Bb5 a6 4. Ba4 Nf6 5. 0-0 b5 6. Bb3 Be7 7. d4 d6 8. c3 0-0 9. Re1 Bg4 10. Be3 exd4 11. cxd4 Na5 12. Nbd2 Nxb3 13. axb3 c5 14. d5 Nd7 15. h3 Bxf3 16. Nxf3 Bf6 17. Qd2 Re8 18. Bf4 Qc7 19. b4 c4 20. Qc2 h6 21. Bd2 Ne5 22. Nxe5 Bxe5 23. g3 Re7 24. g4 Qb7 25. Bc3 Rae8 26. f3 Bg3 27. Red1 Bf4 28. Kg2 Ra8 29. Ra5 f6 30. Qf2 Rae8 31. Rda1 Ra8 32. R5a3 Be5 33. Be1 Bf4 34. Bd2 Be5 35. Bc3 Bf4 36. Bd4 Ree8 37. Be3 Bxe3 38. Qxe3 Re7 39. h4 Re5 40. h5 Re7 41. R1a2 Ree8 42. Qf4 Re5 43. b3 1-0

[Event "RE-2020-0-00225"]
[Site "LSS email"]
[Date "2020.11.22"]
[Round "?"]
[White "Obrien, Glenn"]
[Black "Kratky, Josef"]
[Result "1/2-1/2"]
[WhiteElo "1334"]
[BlackElo "1332"]
[PlyCount "54"]
[EventDate "2020.07.09"]
[EventType "tourn (corr)"]
[EventRounds "6"]
[EventCountry "GER"]
[SourceTitle "Corr 2022"]
[Source "ChessBase"]
[SourceDate "2021.10.24"]
[SourceVersion "1"]
[SourceVersionDate "2021.10.24"]
[SourceQuality "1"]

1. e4 e5 2. Nf3 Nc6 3. Bb5 a6 4. Ba4 Nf6 5. 0-0 b5 6. Bb3 Be7 7. Re1 0-0 8. c3 d5 9. exd5 Nxd5 10. Nxe5 Nxe5 11. Rxe5 c6 12. d4 Bd6 13. Re1 Qh4 14. g3 Qh3 15. Be3 Bg4 16. Qd3 Rae8 17. Nd2 Re6 18. a4 Qh5 19. axb5 axb5 20. Nf1 Rfe8 21. Bd1 Bxd1 22. Qxd1 Qf5 23. Bd2 Rxe1 24. Bxe1 h5 25. Bd2 h4 26. gxh4 Qh3 27. Bg5 b4 1/2-1/2

[Event "RE-2020-0-00225"]
[Site "LSS email"]
[Date "2020.11.19"]
[Round "?"]
[White "Shim Ng Min, Francis"]
[Black "Kratky, Josef"]
[Result "0-1"]
[WhiteElo "1231"]
[BlackElo "1332"]
[PlyCount "54"]
[EventDate "2020.07.09"]
[EventType "tourn (corr)"]
[EventRounds "6"]
[EventCountry "GER"]
[SourceTitle "Corr 2022"]
[Source "ChessBase"]
[SourceDate "2021.10.24"]
[SourceVersion "1"]
[SourceVersionDate "2021.10.24"]
[SourceQuality "1"]

1. e4 e5 2. Nf3 Nc6 3. Bb5 a6 4. Ba4 Nf6 5. 0-0 b5 6. Bb3 Be7 7. d3 0-0 8. Nc3 d6 9. Nd5 Na5 10. Nxe7+ Qxe7 11. c3 Nxb3 12. Qxb3 Be6 13. Qc2 c5 14. Bg5 h6 15. Bd2 Nh5 16. d4 Qf6 17. dxe5 dxe5 18. Be3 c4 19. Nd2 Nf4 20. Bxf4 Qxf4 21. f3 Rad8 22. Rf2 Rd3 23. Nf1 Rfd8 24. Re2 g5 25. Ng3 Rd2 26. Qc1 Rxe2 27. Qxf4 Rxg2+ 0-1

[Event "SE-2020-0-00014"]
[Site "LSS email"]
[Date "2020.10.31"]
[Round "?"]
[White "Kratky, Josef"]
[Black "Raines, David"]
[Result "1/2-1/2"]
[WhiteElo "1308"]
[BlackElo "1237"]
[PlyCount "72"]
[EventDate "2020.08.14"]
[EventType "tourn (corr)"]
[EventRounds "6"]
[EventCountry "GER"]
[SourceTitle "Corr 2024"]
[Source "ChessBase"]
[SourceDate "2023.10.19"]
[SourceVersion "1"]
[SourceVersionDate "2023.10.19"]
[SourceQuality "1"]

1. d4 Nf6 2. c4 e6 3. g3 d5 4. Bg2 c6 5. Qc2 Be7 6. Nf3 Nbd7 7. 0-0 0-0 8. Nbd2 dxc4 9. Qxc4 Nb6 10. Qc2 Nbd5 11. e4 Nb4 12. Qc3 a5 13. a3 Na6 14. Nc4 Nb8 15. Re1 Nbd7 16. Bf4 Nb6 17. Nxa5 Na4 18. Nxc6 bxc6 19. Qxc6 Bd7 20. Qc2 Rc8 21. Qd2 Qb6 22. Ne5 Qxb2 23. Qxb2 Nxb2 24. Reb1 Nc4 25. Rb7 Rfd8 26. Bg5 Nxe5 27. dxe5 Nd5 28. Bxe7 Nxe7 29. Rd1 Ba4 30. Rxd8+ Rxd8 31. Rxe7 Kf8 32. Rb7 Rd1+ 33. Bf1 Bc2 34. Rb8+ Ke7 35. Rb7+ Kf8 36. Rb8+ Ke7 1/2-1/2

[Event "SE-2020-0-00014"]
[Site "LSS email"]
[Date "2020.10.31"]
[Round "?"]
[White "Kratky, Josef"]
[Black "Shim Ng Min, Francis"]
[Result "1-0"]
[WhiteElo "1308"]
[BlackElo "1274"]
[PlyCount "50"]
[EventDate "2020.08.14"]
[EventType "tourn (corr)"]
[EventRounds "6"]
[EventCountry "GER"]
[SourceTitle "Corr 2024"]
[Source "ChessBase"]
[SourceDate "2023.10.19"]
[SourceVersion "1"]
[SourceVersionDate "2023.10.19"]
[SourceQuality "1"]

1. d4 Nf6 2. c4 e6 3. Nc3 Bb4 4. Qb3 c5 5. a3 Bxc3+ 6. Qxc3 cxd4 7. Qxd4 Nc6 8. Qc3 0-0 9. Bg5 Ne4 10. Bxd8 Nxc3 11. Bc7 Ne4 12. f3 Nd4 13. Rc1 Nf6 14. Bd6 Re8 15. e4 e5 16. Ne2 Nxe2 17. Bxe2 b6 18. Kf2 Bb7 19. Rhd1 Re6 20. Bb4 h6 21. Rd6 Rae8 22. Rcd1 Rxd6 23. Rxd6 Rb8 24. Bc3 Re8 25. a4 Nh7 1-0

[Event "SE-2020-0-00014"]
[Site "LSS email"]
[Date "2020.10.31"]
[Round "?"]
[White "Shim Ng Min, Francis"]
[Black "Kratky, Josef"]
[Result "0-1"]
[WhiteElo "1274"]
[BlackElo "1308"]
[PlyCount "54"]
[EventDate "2020.08.14"]
[EventType "tourn (corr)"]
[EventRounds "6"]
[EventCountry "GER"]
[SourceTitle "Corr 2024"]
[Source "ChessBase"]
[SourceDate "2023.10.19"]
[SourceVersion "1"]
[SourceVersionDate "2023.10.19"]
[SourceQuality "1"]

1. e4 c5 2. Nf3 d6 3. d4 cxd4 4. Nxd4 Nf6 5. Nc3 a6 6. f4 e6 7. Be2 Be7 8. Be3 Qc7 9. 0-0 Nc6 10. Nxc6 bxc6 11. Kh1 Rb8 12. b3 0-0 13. e5 dxe5 14. fxe5 Nd5 15. Nxd5 cxd5 16. c4 Bb7 17. cxd5 Bxd5 18. Qe1 Qxe5 19. Bf4 Qe4 20. Qg3 Qxe2 21. Bxb8 Bh4 22. Rfe1 Bxg3 23. Rxe2 Bxb8 24. h3 Rc8 25. Rd1 Rc3 26. Kg1 Ba7+ 27. Kh2 g6 0-1

[Event "LSS No Engine Cup 209 Preliminary 0"]
[Site "LSS email"]
[Date "2020.10.24"]
[Round "?"]
[White "Prokopets, Vasilij"]
[Black "Kratky, Josef"]
[Result "0-1"]
[WhiteElo "1643"]
[BlackElo "1600"]
[PlyCount "36"]
[EventDate "2020.10.24"]
[EventType "tourn (corr)"]
[EventRounds "6"]
[EventCountry "GER"]
[SourceTitle "Corr 2022"]
[Source "ChessBase"]
[SourceDate "2021.10.24"]
[SourceVersion "1"]
[SourceVersionDate "2021.10.24"]
[SourceQuality "1"]

1. e4 e5 2. Nf3 Nc6 3. d4 exd4 4. Nxd4 Nf6 5. Nxc6 bxc6 6. e5 Qe7 7. Qe2 Nd5 8. c4 Ba6 9. Qe4 Nb4 10. Na3 d5 11. Qe3 Qe6 12. Be2 Bxc4 13. Bxc4 dxc4 14. 0-0 Nd3 15. b3 Bc5 16. Qe4 0-0-0 17. Nxc4 Nxf2 18. Rxf2 Rd1+ 0-1

[Event "SE-2020-0-00320"]
[Site "LSS email"]
[Date "2020.10.18"]
[Round "?"]
[White "Shim Ng Min, Francis"]
[Black "Kratky, Josef"]
[Result "0-1"]
[WhiteElo "1311"]
[BlackElo "1299"]
[PlyCount "58"]
[EventDate "2020.08.18"]
[EventType "tourn (corr)"]
[EventRounds "6"]
[EventCountry "GER"]
[SourceTitle "Corr 2022"]
[Source "ChessBase"]
[SourceDate "2021.10.24"]
[SourceVersion "1"]
[SourceVersionDate "2021.10.24"]
[SourceQuality "1"]

1. e4 e5 2. Nf3 Nc6 3. d4 exd4 4. Bc4 Nf6 5. 0-0 Nxe4 6. Nxd4 d5 7. Bb5 Bd7 8. c4 Bc5 9. Nb3 Ne7 10. Bxd7+ Qxd7 11. cxd5 Qxd5 12. Qe2 Rd8 13. Nxc5 Nxc5 14. Nc3 Qd3 15. Qe5 Ne6 16. Bg5 Qd6 17. Qb5+ c6 18. Bxe7 Qxe7 19. Qe5 0-0 20. Rad1 Qb4 21. b3 Rfe8 22. Qg3 Nd4 23. Kh1 g6 24. Rc1 Ne2 25. Nxe2 Rxe2 26. h3 Rxa2 27. Rcd1 Rad2 28. Rxd2 Qxd2 29. Qc7 Qd7 0-1

[Event "Pardubice Czech op-E 30th"]
[Site "Pardubice"]
[Date "2019.07.12"]
[Round "2.4"]
[White "Kratky, Josef"]
[Black "Roubalik, Jakub"]
[Result "0-1"]
[WhiteElo "2072"]
[BlackElo "2410"]
[PlyCount "76"]
[EventDate "2019.07.11"]
[EventType "team-swiss"]
[EventRounds "7"]
[EventCountry "CZE"]
[SourceTitle "EXT 2020"]
[Source "ChessBase"]
[SourceDate "2019.10.17"]
[SourceVersion "1"]
[SourceVersionDate "2019.10.17"]
[SourceQuality "1"]
[WhiteTeam "Policka Stefanydes"]
[BlackTeam "Brno Duras"]
[WhiteTeamCountry "CZE"]
[BlackTeamCountry "CZE"]

1. d4 Nf6 2. g3 e6 3. Bg2 c5 4. Nf3 Nc6 5. 0-0 cxd4 6. Nxd4 Qb6 7. Nb3 a6 8. e4 d6 9. Be3 Qc7 10. a4 Ne5 11. N1d2 Bd7 12. h3 Rc8 13. Nd4 Be7 14. f4 Nc6 15. c4 0-0 16. g4 Nxd4 17. Bxd4 Bc6 18. g5 Nd7 19. h4 e5 20. Bc3 exf4 21. Qg4 Ne5 22. Qxf4 Bd7 23. b3 b5 24. axb5 axb5 25. Bd4 bxc4 26. Rfc1 Nd3 27. Qe3 Nxc1 28. Rxc1 Be6 29. bxc4 Rfe8 30. Kh1 Bf8 31. Qf3 Qd7 32. Qf4 Qa4 33. h5 Bxc4 34. h6 Be6 35. Rxc8 Rxc8 36. Bxg7 Bxg7 37. hxg7 Qa1+ 38. Kh2 Qe5 0-1

[Event "CZE-chT2D 1819"]
[Site "Czech Republic"]
[Date "2019.01.27"]
[Round "7.3"]
[White "Novy, Martin"]
[Black "Kratky, Josef"]
[Result "1/2-1/2"]
[WhiteElo "2182"]
[BlackElo "2058"]
[PlyCount "42"]
[EventDate "2018.10.14"]
[EventType "team-tourn"]
[EventRounds "11"]
[EventCountry "CZE"]
[SourceTitle "EXT 2022"]
[Source "ChessBase"]
[SourceDate "2021.10.06"]
[SourceVersion "1"]
[SourceVersionDate "2021.10.06"]
[SourceQuality "1"]
[WhiteTeam "Orechov"]
[BlackTeam "Policka Stefanydes"]
[WhiteTeamCountry "CZE"]
[BlackTeamCountry "CZE"]

1. d4 Nf6 2. Nf3 g6 3. Bf4 Bg7 4. e3 0-0 5. Be2 c5 6. c3 d6 7. h3 a6 8. 0-0 b6 9. Nbd2 Bb7 10. Bh2 Nbd7 11. b4 cxd4 12. cxd4 Rc8 13. Rc1 Rxc1 14. Qxc1 Qa8 15. Qb2 Rc8 16. Rc1 b5 17. Rc2 Nd5 18. a3 N7b6 19. Qc1 Na4 20. Bd3 Rxc2 21. Qxc2 Ndc3 1/2-1/2